| 000 | 02212cam a22002651i 4500 | ||
|---|---|---|---|
| 003 | SA-RiAUC | ||
| 005 | 20241213170958.0 | ||
| 008 | 241212s1999 su g f000 0 ara c | ||
| 040 |
_aSA-EnSBSSC _bara _cSA-RiAUC _erda |
||
| 082 | 0 | 4 |
_a252.5 _qSA-RiAUC |
| 090 |
_a252.5 _bآ ل ش |
||
| 100 | 1 |
_aآل الشيخ، سليمان بن عبد الله بن محمد، _d1200-1233 هجري _eمؤلف. |
|
| 245 | 1 | 0 |
_aتحفة الناسك بأحكام المناسك / _cتأليف سليمان بن عبد الله بن محمد بن عبد الوهاب. |
| 264 | 1 |
_aالرياض : _bالأمانة العامة للاحتفال بمرور مائة عام على تأسيس المملكة العربية السعودية، _c1999 |
|
| 300 |
_a50 صفحة ؛ _c24 سم |
||
| 336 |
_aنص _btxt _2rdacontent _3كتاب |
||
| 337 |
_aبدون وسيط _bn _2rdamedia |
||
| 338 |
_aمجلد _bnc _2rdacarrier |
||
| 650 | 7 |
_aالحج (فقه إسلامي) _xمناسك _2aucsh |
|
| 856 |
_uhttp://saaid.net/book/open.php?cat=99&book=8897 _yExternal Link _2 نرجو الانتباه لإمكانية وجود اختلاف في الطبعة أو الناشر بين البيانات على البوابة وما ستجده على الكتاب نظرا لمحدودية المعلومات المتاحة على الموقع الناشر للمادة. _3Please note that there may be a difference in the edition or publisher between the data on the portal and the book due to the limited information available on the publisher website for the material. |
||
| 856 |
_uhttp://saaid.net/book/15/7495.rar _yDigital Copy _2 نرجو الانتباه لإمكانية وجود اختلاف في الطبعة أو الناشر بين البيانات على البوابة وما ستجده على الكتاب نظرا لمحدودية المعلومات المتاحة على الموقع الناشر للمادة. _3Please note that there may be a difference in the edition or publisher between the data on the portal and the book due to the limited information available on the publisher website for the material. |
||
| 942 |
_2ddc _cBOOK _n0 |
||
| 949 |
_aSA-JeALM _d241212 _uosman123 _n1 |
||
| 999 |
_c3441 _d3441 |
||